[Event "Ruhrgebiet Verbandsklasse Gruppe 3 1819"]
[Site "Nordrheinwestfalen"]
[Date "2018.11.04"]
[Round "3.3"]
[White "Schmidt, Kevin"]
[Black "Remmler, Volker"]
[Result "1/2-1/2"]
[WhiteElo "1897"]
[BlackElo "2059"]
[PlyCount "88"]
[EventDate "2018.09.23"]
[EventType "team-tourn"]
[EventRounds "9"]
[EventCountry "GER"]
[SourceTitle "EXT 2022"]
[Source "ChessBase"]
[SourceDate "2021.10.06"]
[SourceVersion "1"]
[SourceVersionDate "2021.10.06"]
[SourceQuality "1"]
[WhiteTeam "Muelheim Nord IV"]
[BlackTeam "Brambauer"]
[WhiteTeamCountry "GER"]
[BlackTeamCountry "GER"]

1. e4 e6 2. d3 d5 3. Qe2 Nf6 4. e5 Nfd7 5. Nf3 c5 6. g3 Nc6 7. Bg2 Qc7 8. Bf4 Be7 9. h4 b6 10. 0-0 Bb7 11. c4 d4 12. Nbd2 0-0-0 13. Rfe1 h6 14. Ne4 Rhg8 15. h5 Nf8 16. a3 a5 17. b4 cxb4 18. Nd6+ Rxd6 19. exd6 Bxd6 20. Bxd6 Qxd6 21. axb4 Nxb4 22. c5 bxc5 23. Rxa5 Nd7 24. Ne5 Nxe5 25. Qxe5 Qxe5 26. Rxe5 Bxg2 27. Rexc5+ Bc6 28. Ra8+ Kd7 29. Rxg8 Nxd3 30. Rxc6 Kxc6 31. Rxg7 f5 32. Kf1 Ne5 33. f4 Ng4 34. Ke2 Kd5 35. Rd7+ Ke4 36. Rd6 e5 37. fxe5 Kxe5 38. Rd8 Nf6 39. Kd3 Nxh5 40. Rxd4 Nxg3 41. Rh4 f4 42. Rxh6 f3 43. Ke3 Nf5+ 44. Kxf3 Nxh6 1/2-1/2

[Event "Ruhrgebiet Verbandsliga Gruppe 2 1718"]
[Site "Germany"]
[Date "2017.12.03"]
[Round "4.1"]
[White "Walter, Andreas"]
[Black "Remmler, Volker"]
[Result "1/2-1/2"]
[WhiteElo "2120"]
[BlackElo "2049"]
[PlyCount "62"]
[EventDate "2017.09.17"]
[EventType "team-tourn"]
[EventRounds "9"]
[EventCountry "GER"]
[SourceTitle "EXT 2022"]
[Source "ChessBase"]
[SourceDate "2021.10.06"]
[SourceVersion "1"]
[SourceVersionDate "2021.10.06"]
[SourceQuality "1"]
[WhiteTeam "Muelheim Nord III"]
[BlackTeam "Brambauer"]
[WhiteTeamCountry "GER"]
[BlackTeamCountry "GER"]

1. d4 d5 2. c4 e6 3. Nc3 Nf6 4. cxd5 exd5 5. Bg5 c6 6. e3 Bf5 7. Qf3 Bg6 8. Bxf6 Qxf6 9. Qxf6 gxf6 10. Nf3 Nd7 11. Nh4 Be7 12. Ne2 f5 13. Nf3 Nb6 14. Nf4 h5 15. Ne5 Rh6 16. h4 Nc8 17. f3 Nd6 18. Kf2 Kf8 19. Be2 Kg7 20. g3 Re8 21. Rhc1 Bh7 22. b3 Rc8 23. Ned3 Bg8 24. Nc5 Rh8 25. Bf1 f6 26. Bh3 Re8 27. Re1 Bd8 28. Rac1 Re7 29. Bf1 Bf7 30. b4 Rhe8 31. Nb3 Kh6 1/2-1/2

[Event "Ruhrgebiet Verbandsliga Gruppe 2 1617"]
[Site "Germany"]
[Date "2016.11.27"]
[Round "4.1"]
[White "Ribbeheger, Edgar"]
[Black "Remmler, Volker"]
[Result "1/2-1/2"]
[WhiteElo "2047"]
[BlackElo "2084"]
[PlyCount "103"]
[EventDate "2016.09.04"]
[EventType "team-tourn"]
[EventRounds "9"]
[EventCountry "GER"]
[SourceTitle "EXT 2022"]
[Source "ChessBase"]
[SourceDate "2021.10.06"]
[SourceVersion "1"]
[SourceVersionDate "2021.10.06"]
[SourceQuality "1"]
[WhiteTeam "Sodingen/Castrop SK II"]
[BlackTeam "Brambauer"]
[WhiteTeamCountry "GER"]
[BlackTeamCountry "GER"]

1. d4 d5 2. c4 e6 3. Nc3 Nf6 4. Nf3 Be7 5. Bg5 0-0 6. e3 a6 7. Bxf6 Bxf6 8. cxd5 exd5 9. Bd3 Re8 10. 0-0 c6 11. h3 Nd7 12. Rc1 Nf8 13. Qb3 Be7 14. Na4 Bd6 15. Nb6 Rb8 16. Nxc8 Qxc8 17. Rfd1 Qd8 18. Qc2 Qe7 19. a3 g6 20. g3 Nd7 21. Kg2 Kg7 22. Re1 Nf6 23. Nd2 Ne4 24. Bxe4 dxe4 25. Nb3 Rbd8 26. Na5 h5 27. h4 Rd7 28. b4 Bb8 29. Qe2 Ba7 30. Nc4 Rd5 31. Nd2 Kh6 32. Nc4 Kg7 33. Rh1 Bb8 34. Nb6 Rdd8 35. Qb2 Qf6 36. Qe2 Ba7 37. Nc4 Rd5 38. Na5 Re7 39. Nb3 Kh6 40. Nc5 Qf5 41. Rhf1 Bxc5 42. bxc5 Qg4 43. Qxg4 hxg4 44. Rb1 Kg7 45. Rb6 Rc7 46. Rfb1 Rdd7 47. Kf1 Kf8 48. Ke2 Ke8 49. Kd2 Kd8 50. Kc3 Kc8 51. Kc4 Rd5 52. Rd1 1/2-1/2

[Event "Ruhrgebiet Verbandsliga Gruppe 2 1617"]
[Site "Germany"]
[Date "2016.09.04"]
[Round "1.1"]
[White "Babar, Michael"]
[Black "Remmler, Volker"]
[Result "1/2-1/2"]
[WhiteElo "2070"]
[BlackElo "2083"]
[PlyCount "26"]
[EventDate "2016.09.04"]
[EventType "team-tourn"]
[EventRounds "9"]
[EventCountry "GER"]
[SourceTitle "EXT 2022"]
[Source "ChessBase"]
[SourceDate "2021.10.06"]
[SourceVersion "1"]
[SourceVersionDate "2021.10.06"]
[SourceQuality "1"]
[WhiteTeam "Dortmund Hansa II"]
[BlackTeam "Brambauer"]
[WhiteTeamCountry "GER"]
[BlackTeamCountry "GER"]

1. Nf3 d6 2. d4 g6 3. c4 Bg7 4. Nc3 e5 5. e4 exd4 6. Nxd4 Ne7 7. Be2 Nbc6 8. Be3 0-0 9. 0-0 f5 10. Nxc6 bxc6 11. Bd4 Bxd4 12. Qxd4 c5 13. Qd2 Bb7 1/2-1/2

[Event "Ruhrgebiet Verbandsliga Gruppe 2 1516"]
[Site "Germany"]
[Date "2016.03.20"]
[Round "8.1"]
[White "Remmler, Volker"]
[Black "Viebahn, Dirk"]
[Result "1/2-1/2"]
[WhiteElo "2075"]
[BlackElo "2109"]
[PlyCount "51"]
[EventDate "2015.09.06"]
[EventType "team-tourn"]
[EventRounds "9"]
[EventCountry "GER"]
[SourceTitle "EXT 2022"]
[Source "ChessBase"]
[SourceDate "2021.10.06"]
[SourceVersion "1"]
[SourceVersionDate "2021.10.06"]
[SourceQuality "1"]
[WhiteTeam "Brambauer"]
[BlackTeam "Muelheim SC"]
[WhiteTeamCountry "GER"]
[BlackTeamCountry "GER"]

1. d4 Nf6 2. Bg5 Ne4 3. Bf4 c5 4. f3 Qa5+ 5. c3 Nf6 6. d5 Qb6 7. Bc1 e6 8. e4 exd5 9. exd5 Bd6 10. c4 0-0 11. Bd3 Re8+ 12. Ne2 Qc7 13. Nbc3 a6 14. Kf2 b5 15. b3 b4 16. Ne4 Be5 17. Rb1 d6 18. N4g3 Nbd7 19. Re1 Nf8 20. h3 Bd7 21. f4 Bc3 22. Nxc3 bxc3 23. Rxe8 Rxe8 24. Qc2 Ng6 25. Qxc3 Qc8 26. f5 1/2-1/2

[Event "Ruhrgebiet Verbandsliga Gruppe 1 1415"]
[Site "Germany"]
[Date "2014.10.19"]
[Round "2"]
[White "Remmler, Volker"]
[Black "Tunkel, Stefan"]
[Result "1/2-1/2"]
[WhiteElo "2053"]
[BlackElo "1883"]
[PlyCount "63"]
[EventDate "2014.09.21"]
[EventType "team-tourn"]
[EventRounds "9"]
[EventCountry "GER"]
[SourceTitle "EXT 2022"]
[Source "ChessBase"]
[SourceDate "2021.10.06"]
[SourceVersion "1"]
[SourceVersionDate "2021.10.06"]
[SourceQuality "1"]
[WhiteTeam "Brambauer"]
[BlackTeam "Herne Sodingen II"]
[WhiteTeamCountry "GER"]
[BlackTeamCountry "GER"]

1. d4 Nf6 2. c4 g6 3. Nc3 d5 4. Nf3 Bg7 5. Bg5 Ne4 6. cxd5 Nxg5 7. Nxg5 e6 8. Nf3 exd5 9. e3 c5 10. Rc1 cxd4 11. Bb5+ Nc6 12. Nxd4 Qd6 13. Nxc6 bxc6 14. Bxc6+ Qxc6 15. Nxd5 Qxc1 16. Qxc1 0-0 17. 0-0 Rd8 18. e4 Be6 19. Rd1 Rd7 20. b3 Rad8 21. Qc6 Be5 22. f3 Kg7 23. Qc4 Rc7 24. Qd3 Rb7 25. g3 Rbd7 26. a3 f5 27. Qa6 Kf7 28. Qc4 g5 29. Qa6 h5 30. Kg2 Rg8 31. exf5 Bxf5 32. Ne3 1/2-1/2

[Event "Ruhrgebiet Verbandsliga2 1213"]
[Site "Nordrheinwestfalen"]
[Date "2013.02.03"]
[Round "6.1"]
[White "Bree, Thomas"]
[Black "Remmler, Volker"]
[Result "1/2-1/2"]
[WhiteElo "2150"]
[BlackElo "2042"]
[PlyCount "77"]
[EventDate "2012.09.02"]
[EventType "team-tourn"]
[EventRounds "9"]
[EventCountry "GER"]
[SourceTitle "EXT 2020"]
[Source "ChessBase"]
[SourceDate "2019.10.17"]
[SourceVersion "1"]
[SourceVersionDate "2019.10.17"]
[SourceQuality "1"]
[WhiteTeam "Brackel SF II"]
[BlackTeam "Doppelbauer Brambauer"]
[WhiteTeamCountry "GER"]
[BlackTeamCountry "GER"]

1. d4 Nf6 2. c4 d6 3. Nf3 g6 4. g3 Bg7 5. Bg2 0-0 6. 0-0 c6 7. Nc3 Bf5 8. Re1 Ne4 9. Nxe4 Bxe4 10. Bh3 Qa5 11. Nd2 Qh5 12. Bf1 Bf5 13. Qb3 Bc8 14. e3 Nd7 15. Be2 Qh3 16. Ne4 Nf6 17. Nxf6+ Bxf6 18. Bd2 h5 19. Bf1 Qd7 20. Bc3 Qc7 21. Qc2 Bg7 22. Bd3 Bd7 23. Rac1 Rac8 24. Qe2 Qb8 25. e4 e5 26. dxe5 dxe5 27. c5 Rfd8 28. Bc4 Be8 29. Rcd1 Rxd1 30. Qxd1 Rd8 31. Qe2 b5 32. cxb6 axb6 33. Bb3 Qc7 34. Qe3 Kh7 35. Qe2 Bf8 36. Rd1 Rxd1+ 37. Qxd1 Bc5 38. a3 Qd6 39. Qxd6 1/2-1/2

[Event "Ruhrgebiet Verbandsliga2 1112"]
[Site "Nordrheinwestfalen"]
[Date "2011.11.13"]
[Round "3.1"]
[White "Remmler, Volker"]
[Black "Kummerow, Heiko"]
[Result "0-1"]
[WhiteElo "2041"]
[BlackElo "2287"]
[PlyCount "80"]
[EventDate "2011.09.18"]
[EventType "team-tourn"]
[EventRounds "9"]
[EventCountry "GER"]
[SourceTitle "EXT 2020"]
[Source "ChessBase"]
[SourceDate "2019.10.17"]
[SourceVersion "1"]
[SourceVersionDate "2019.10.17"]
[SourceQuality "1"]
[WhiteTeam "Doppelbauer Brambauer"]
[BlackTeam "Recklinghausen Laeufer Ost"]
[WhiteTeamCountry "GER"]
[BlackTeamCountry "GER"]

1. d4 Nf6 2. c4 g6 3. Nc3 Bg7 4. e4 d6 5. Nf3 0-0 6. Be2 e5 7. 0-0 Nc6 8. d5 Ne7 9. Ne1 Nd7 10. Be3 f5 11. f3 f4 12. Bf2 g5 13. a4 a5 14. Nd3 b6 15. Be1 Nf6 16. Nf2 h5 17. h3 Kh8 18. Nb5 Neg8 19. b4 Rf7 20. bxa5 bxa5 21. c5 Nh6 22. cxd6 cxd6 23. Rc1 Bf8 24. Qc2 Ne8 25. Bc3 Rg7 26. Qd2 g4 27. fxg4 hxg4 28. Nxg4 Nxg4 29. Bxg4 Bxg4 30. hxg4 Qg5 31. Qf2 Nf6 32. Be1 Rh7 33. Rc7 Rh6 34. Bc3 Nxe4 35. Qf3 Ng3 36. Re1 Kg8 37. Bxe5 dxe5 38. d6 e4 39. Qb3+ Kh8 40. d7 Bc5+ 0-1

[Event "Ruhrgebiet Verbandsliga1 1011"]
[Site "Nordrheinwestfalen"]
[Date "2011.02.27"]
[Round "7.3"]
[White "Koth, Stefan"]
[Black "Remmler, Volker"]
[Result "1/2-1/2"]
[WhiteElo "2056"]
[BlackElo "2032"]
[PlyCount "87"]
[EventDate "2011.09.12"]
[EventType "team-tourn"]
[EventRounds "9"]
[EventCountry "GER"]
[SourceTitle "EXT 2020"]
[Source "ChessBase"]
[SourceDate "2019.10.17"]
[SourceVersion "1"]
[SourceVersionDate "2019.10.17"]
[SourceQuality "1"]
[WhiteTeam "Doppelbauer Brambauer"]
[BlackTeam "Dortmund Hansa III"]
[WhiteTeamCountry "GER"]
[BlackTeamCountry "GER"]

1. c4 Nf6 2. Nc3 g6 3. e4 d6 4. d4 Bg7 5. f3 c6 6. Be3 a6 7. a4 a5 8. Qd2 Na6 9. Rd1 0-0 10. Nge2 Nb4 11. d5 Nd7 12. Nd4 Nc5 13. Qf2 f5 14. dxc6 fxe4 15. Ndb5 bxc6 16. Bxc5 cxb5 17. Nxe4 bxa4 18. Qd2 Bf5 19. Bf2 Bxe4 20. fxe4 Qc8 21. Be2 Qe6 22. 0-0 Qe5 23. Rb1 Rac8 24. Qd1 Qxe4 25. Bf3 Qc2 26. Qe1 Be5 27. Bb6 Qxc4 28. Kh1 Qb5 29. Qe3 Qd3 30. Qh6 Bg7 31. Qg5 e5 32. Bxa5 Nc6 33. Rfd1 Qf5 34. Qd2 Nxa5 35. Bd5+ Kh8 36. Qxa5 Rc5 37. Qd2 Qf4 38. Qe2 Rfc8 39. Bb7 R8c7 40. Qa6 h5 41. Qxd6 Qf6 42. Be4 Qxd6 43. Rxd6 Rc1+ 44. Rd1 1/2-1/2

[Event "Ruhrgebiet Verbandsliga1 1011"]
[Site "Nordrheinwestfalen"]
[Date "2010.11.14"]
[Round "3.3"]
[White "Langschmidt, Dirk"]
[Black "Remmler, Volker"]
[Result "0-1"]
[WhiteElo "1984"]
[BlackElo "2032"]
[PlyCount "96"]
[EventDate "2011.09.12"]
[EventType "team-tourn"]
[EventRounds "9"]
[EventCountry "GER"]
[SourceTitle "EXT 2020"]
[Source "ChessBase"]
[SourceDate "2019.10.17"]
[SourceVersion "1"]
[SourceVersionDate "2019.10.17"]
[SourceQuality "1"]
[WhiteTeam "Muelheim SC"]
[BlackTeam "Dortmund Hansa III"]
[WhiteTeamCountry "GER"]
[BlackTeamCountry "GER"]

1. e4 e5 2. Nf3 Nc6 3. Bc4 Nf6 4. d3 Bc5 5. c3 Bb6 6. Nbd2 a6 7. Nf1 d6 8. a3 Be6 9. Bb3 Bxb3 10. Qxb3 Ne7 11. Ng3 Ng6 12. Nf5 0-0 13. g3 d5 14. Qc2 Re8 15. 0-0 h6 16. c4 c6 17. c5 Bc7 18. Bd2 Kh7 19. Qc1 Ng8 20. Rd1 Qd7 21. Qc3 Rad8 22. Kg2 N8e7 23. Qb3 Nxf5 24. exf5 Nf8 25. Nh4 Rb8 26. Qc2 Bd8 27. d4 Bxh4 28. gxh4 e4 29. Bf4 Rbd8 30. f6 Qg4+ 31. Bg3 gxf6 32. Qb3 Ng6 33. Qxb7 Qf3+ 34. Kf1 Re7 35. Qxa6 e3 36. Kg1 Nf4 37. Bxf4 Qxf2+ 38. Kh1 Qf3+ 39. Kg1 Qf2+ 40. Kh1 Qf3+ 41. Kg1 Rg8+ 42. Bg3 Rxg3+ 43. hxg3 Qxg3+ 44. Kh1 Re4 45. Qd3 f5 46. Qxe4 dxe4 47. d5 f4 48. Rg1 Qh3# 0-1

[Event "Lippe Cup-A 07th"]
[Site "Lieme"]
[Date "2010.10.15"]
[Round "1"]
[White "Remmler, Volker"]
[Black "Krause, Jonah"]
[Result "0-1"]
[WhiteElo "2175"]
[BlackElo "1870"]
[PlyCount "80"]
[EventDate "2010.10.15"]
[EventType "swiss"]
[EventRounds "5"]
[EventCountry "GER"]
[SourceTitle "CBM 138 Extra"]
[Source "ChessBase"]
[SourceDate "2010.10.29"]
[SourceVersion "1"]
[SourceVersionDate "2010.10.29"]
[SourceQuality "1"]

1. d4 Nf6 2. c4 g6 3. Nc3 Bg7 4. e4 d6 5. Nf3 0-0 6. Be2 e5 7. d5 a5 8. 0-0 Na6 9. Bg5 h6 10. Bh4 Qe8 11. Nd2 Nh7 12. Kh1 h5 13. f3 Bh6 14. Bf2 Bd7 15. Rb1 Qe7 16. Qc2 Nb4 17. Qc1 h4 18. a3 Na6 19. b4 axb4 20. axb4 b6 21. Qc2 Bg5 22. Rfd1 Nf6 23. Qb2 Nh5 24. Ra1 Bf4 25. Nf1 Qg5 26. Ra3 Ng3+ 27. Kg1 Bh3 28. hxg3 hxg3 29. Bxg3 Bxg3 30. Nxg3 Qxg3 31. Bf1 Qg5 32. Rda1 Bc8 33. b5 Kg7 34. bxa6 Rh8 35. g4 Qe3+ 36. Kg2 Qf4 37. Kf2 Rh2+ 38. Bg2 Bxg4 39. Ne2 Qf6 40. Kg3 Qh4# 0-1

[Event "Ruhrgebiet Regionalliga 0910"]
[Site "Germany"]
[Date "2010.02.07"]
[Round "6.8"]
[White "Remmler, Volker"]
[Black "Zekat, Uwe"]
[Result "0-1"]
[WhiteElo "2176"]
[BlackElo "1775"]
[PlyCount "59"]
[EventDate "2009.09.06"]
[EventType "team-tourn"]
[EventRounds "9"]
[EventCountry "GER"]
[SourceTitle "EXT 2011"]
[Source "ChessBase"]
[SourceDate "2010.11.26"]
[SourceVersion "1"]
[SourceVersionDate "2010.11.26"]
[SourceQuality "1"]
[WhiteTeam "Dortmund Hansa II"]
[BlackTeam "Hamm Koenigsspringer"]
[WhiteTeamCountry "GER"]
[BlackTeamCountry "GER"]

1. d4 e6 2. c4 b6 3. Nc3 Bb7 4. a3 Nf6 5. Nf3 Be7 6. d5 0-0 7. e4 d6 8. Bd3 e5 9. 0-0 Nbd7 10. Bd2 Re8 11. b4 Nf8 12. Ne1 Ng6 13. g3 Bc8 14. Ng2 Bh3 15. Re1 h6 16. Ne3 Qc8 17. a4 Nh7 18. a5 Ng5 19. Ra3 Bd7 20. Bc2 Nh3+ 21. Kg2 Bg5 22. Nf5 Bxd2 23. Qxd2 Ng5 24. f3 Ne7 25. Nxe7+ Rxe7 26. h4 Nh7 27. Rea1 a6 28. Ba4 Nf8 29. Qa2 f5 30. axb6 0-1

[Event "Ruhrgebiet VL1 0708"]
[Site "Germany"]
[Date "2008.04.27"]
[Round "9.3"]
[White "Remmler, Volker"]
[Black "Sinnwell, Horst"]
[Result "1/2-1/2"]
[WhiteElo "2145"]
[BlackElo "2018"]
[PlyCount "37"]
[EventDate "2007.09.02"]
[EventType "team"]
[EventRounds "9"]
[EventCountry "GER"]
[SourceTitle "EXT 2009"]
[Source "ChessBase"]
[SourceDate "2008.11.26"]
[SourceVersion "1"]
[SourceVersionDate "2008.11.26"]
[SourceQuality "1"]
[WhiteTeam "Dortmund Hansa II"]
[BlackTeam "Kirchhellen SF"]
[WhiteTeamCountry "GER"]
[BlackTeamCountry "GER"]

1. d4 e6 2. c4 d5 3. Nc3 Nf6 4. Bg5 Be7 5. e3 Nbd7 6. Rc1 h6 7. Bh4 0-0 8. Nf3 b6 9. cxd5 exd5 10. Bd3 Bb7 11. 0-0 c5 12. Re1 Ne4 13. Bxe7 Nxc3 14. Bxd8 Nxd1 15. Rexd1 Rfxd8 16. dxc5 Nxc5 17. Nd4 Kf8 18. h3 g6 19. Bb5 1/2-1/2

[Event "Ruhrgebiet VL1 0708"]
[Site "Germany"]
[Date "2007.11.18"]
[Round "3.3"]
[White "Remmler, Volker"]
[Black "Jellinghaus, Lars"]
[Result "1/2-1/2"]
[WhiteElo "2106"]
[BlackElo "2117"]
[PlyCount "170"]
[EventDate "2007.09.02"]
[EventType "team"]
[EventRounds "9"]
[EventCountry "GER"]
[SourceTitle "EXT 2009"]
[Source "ChessBase"]
[SourceDate "2008.11.26"]
[SourceVersion "1"]
[SourceVersionDate "2008.11.26"]
[SourceQuality "1"]
[WhiteTeam "Dortmund Hansa II"]
[BlackTeam "Bochum-Linden"]
[WhiteTeamCountry "GER"]
[BlackTeamCountry "GER"]

1. d4 e6 2. c4 b6 3. Nc3 Bb7 4. e3 Nf6 5. a3 d5 6. cxd5 Nxd5 7. Nf3 Be7 8. Bd3 0-0 9. Bd2 Nd7 10. 0-0 c5 11. Re1 Rc8 12. e4 Nxc3 13. bxc3 Qc7 14. Qb1 Rfd8 15. h4 e5 16. d5 c4 17. Bf1 Ba6 18. g3 Nc5 19. Bh3 Rb8 20. Bg5 f6 21. Be3 Nd3 22. Rf1 Bc5 23. Bxc5 Qxc5 24. Ne1 Rb7 25. Nc2 Rc7 26. Be6+ Kf8 27. Nb4 Bc8 28. Bxc8 Rcxc8 29. Kg2 a5 30. Nxd3 cxd3 31. Qxd3 Qxc3 32. Qa6 Qd4 33. Rfe1 Rc2 34. Rf1 Qxe4+ 35. Kh2 Qd4 36. Kg1 Rxf2 37. Rxf2 Qxa1+ 38. Kg2 Qd4 39. Qa7 Qxd5+ 40. Kh2 Qc6 41. Qa6 Rd1 42. Rg2 e4 43. h5 e3 44. h6 Rd2 45. Rxd2 exd2 46. Qd3 f5 47. hxg7+ Kxg7 48. Qd4+ Kg6 49. Qxd2 h5 50. Qd8 Qe6 51. a4 Kf7 52. Qc7+ Kf6 53. Qc3+ Kg6 54. Qc7 Qf6 55. Kh3 Qd4 56. Qc6+ Kg5 57. Qe8 Qg4+ 58. Kh2 Qd4 59. Qg8+ Kh6 60. Qe6+ Kg7 61. Qxf5 Qc5 62. Qd7+ Kf6 63. Kh3 Qf5+ 64. Qxf5+ Kxf5 65. Kh4 Kg6 66. g4 hxg4 67. Kxg4 Kf6 68. Kf4 Ke6 69. Ke4 Kd6 70. Kd4 Kc6 71. Kc4 Kc7 72. Kc3 Kb8 73. Kd3 Kb7 74. Kc3 Kc7 75. Kd3 Kd7 76. Kc3 Ke6 77. Kc4 Kd6 78. Kd4 Ke6 79. Kc4 Kd7 80. Kd3 Kc6 81. Kc4 Kc7 82. Kc3 Kb7 83. Kd3 Kc8 84. Kc2 Kc7 85. Kd3 Kd7 1/2-1/2

[Event "Lippe Cup 04th"]
[Site "Lieme"]
[Date "2007.09.29"]
[Round "2"]
[White "Niekrens, Stefan"]
[Black "Remmler, Volker"]
[Result "0-1"]
[WhiteElo "1972"]
[BlackElo "2148"]
[PlyCount "90"]
[EventDate "2007.09.28"]
[EventType "swiss"]
[EventRounds "5"]
[EventCountry "GER"]
[SourceTitle "EXT 2012"]
[Source "ChessBase"]
[SourceDate "2011.11.24"]
[SourceVersion "1"]
[SourceVersionDate "2011.11.24"]
[SourceQuality "1"]

1. e4 e6 2. Nf3 d5 3. e5 Nh6 4. d4 c5 5. Bxh6 gxh6 6. Nc3 Nc6 7. Bb5 cxd4 8. Qxd4 Bd7 9. Qf4 Bg7 10. 0-0-0 0-0 11. Rhe1 Rc8 12. g4 f6 13. exf6 Rxf6 14. Qe3 Qf8 15. Be2 Rf4 16. Nxd5 exd5 17. Rxd5 Re8 18. Qd2 Bxg4 19. Ng1 Bxe2 20. Rxe2 Rxe2 21. Qxe2 Rxf2 22. Qe6+ Kh8 23. Nh3 Qf7 24. Qc8+ Qf8 25. Qxb7 Rf1+ 26. Kd2 Nd4 27. c3 Nf3+ 28. Kc2 Ng5 29. Qc7 Qg8 30. Rd8 Rf8 31. Nxg5 hxg5 32. Rd7 h6 33. Qxa7 Qh7+ 34. Kb3 Qg6 35. a4 Be5 36. a5 Qe6+ 37. c4 Qh3+ 38. Ka4 Qxh2 39. Qb6 Qc2+ 40. Ka3 Rf3+ 41. b3 Qb2+ 42. Ka4 Qa2+ 43. Kb5 Rxb3+ 44. Kc6 Rxb6+ 45. axb6 Qa4+ 0-1

[Event "Oberliga NRW 0405"]
[Site "Germany"]
[Date "2005.04.03"]
[Round "8.8"]
[White "Remmler, Volker"]
[Black "Kocur, Alois"]
[Result "1/2-1/2"]
[WhiteElo "2136"]
[BlackElo "2285"]
[PlyCount "23"]
[EventDate "2004.10.10"]
[EventType "team-tourn"]
[EventRounds "9"]
[EventCountry "GER"]
[SourceTitle "EXT 2006"]
[Source "ChessBase"]
[SourceDate "2005.11.24"]
[SourceVersion "1"]
[SourceVersionDate "2005.11.24"]
[SourceQuality "1"]
[WhiteTeam "Dortmund Hansa"]
[BlackTeam "Solingen II"]
[WhiteTeamCountry "GER"]
[BlackTeamCountry "GER"]

1. d4 Nf6 2. c4 g6 3. Nc3 Bg7 4. e4 0-0 5. Nf3 c6 6. e5 Ne8 7. Be2 d6 8. Bf4 Nd7 9. Qd2 dxe5 10. dxe5 Qa5 11. Ne4 Qxd2+ 12. Nexd2 1/2-1/2